| 000 | 01957nab a22004457a 4500 | ||
|---|---|---|---|
| 003 | AR-RoUNA | ||
| 005 | 20260408062852.0 | ||
| 008 | 170315b xxub|||| |||| 00| 0 spa d | ||
| 022 | _a18523897 | ||
| 040 |
_aAR-RoUNA _bspa |
||
| 041 | _aspa | ||
| 044 | _aag | ||
| 245 | _aBio | ||
| 300 |
_a[s.n] : _bil. byn. _bdib. _c28x19 cm |
||
| 505 | 0 | _tNOTA DE TAPA | |
| 505 | 0 | _aHOWO/ Pascual construcciones ( San Lorenzo 1370 - Rosario). p. 3 | |
| 505 | 0 | _aAníbal Moliné Lura. Doctor Honoris causa. Universidad Católica de Santa Fe. p. 5 | |
| 505 | 0 | _tMOVIMIENTO DE OBRAS. ZONA. 1 | |
| 505 | 0 | _aObras nuevas, obras en proyecto y obras en movimiento. p. 8 | |
| 505 | 0 | _aMínima intervención, Máxima conservación/ Por Almapiedra. Productos TECNAN. p.11 | |
| 505 | 0 | _aArquigrama / Entrevista al Arq. Gustavo Gravi. p. 14 | |
| 505 | 0 | _aVITREAUX &CIA/ El arte a través de vidrio. p. 16 | |
| 505 | 0 | _aFundación Rosario/ Experiencia Noche de la Bandera en Grandoli. p. 18 | |
| 505 | 0 | _aFIMAR 2024/ Notable éxito de la Feria Internacional del mueble. p, 20 | |
| 505 | 0 | _aFormación profesional/ ALUAR en la FAPyD de Rosario. p. 21 | |
| 505 | 0 | _aWalmer Rosario/ Creatividad, diseño y novedosa materialidad en sus espacios. p. 25 | |
| 505 | 0 | _aBEI Desarrollos/ Sol Patagónia XXV. p. 28 | |
| 505 | 0 | _aEventos sociales de empresas constructoras. p .30 | |
| 505 | 0 | _aCostos de la construcción. p. 32 | |
| 505 | 0 | _aTerrenos para la construcción. p. 34 | |
| 650 |
_aConstruccion en Torre _98455 |
||
| 651 | 0 |
_aRosario (Santa Fe, Argentina) _91246 |
|
| 653 | _aEdificio Quinquela Plaza (Av. Belgrano y Tucuman, Rosario, Sante Fe, Argentina) | ||
| 773 | 0 |
_aBio: Arquitectura, Construcción y Diseño _dRosario, Bio 2017 _gnº 414 (jul -ago 2024), p.[s.n] _x18523897 |
|
| 856 | _uwww.revistabioonline.com.ar | ||
| 908 | _aImp | ||
| 942 |
_2udc _cART |
||
| 945 |
_aMBP _d2017-09-28 |
||
| 980 |
_gCRON CRON _66 _aMirna Bonanno Potro _8 |
||
| 999 |
_c12246 _d12246 |
||